| 000 | 01189cam a2200277 i 4500 | ||
|---|---|---|---|
| 001 | 16807 | ||
| 003 | DO-SdUEMH | ||
| 005 | 20260205150725.0 | ||
| 007 | ta | ||
| 008 | 211105s2003 waua|||gr|||| 000 0 spa|d | ||
| 040 |
_aDO-SdUEMH _bspa _erda |
||
| 041 |
_aspa _heng |
||
| 082 | 0 | 4 |
_mCG _a363.90202 _bS729p |
| 084 | _b09-00574 | ||
| 100 |
_aSouza, Roger-Mark de _eaut |
||
| 245 | 1 | 0 |
_aPuntos de partida para desarrollar un programa de capacitación : _bserie de materiales de capacitación para la integración de los temas de población, salud y medio ambiente / _cRoger-Mark de Souza ; traducción: DeVal Grafik Source ; Editora y coordinadora de producción: Sara Adkins-Blanch |
| 264 | 0 | 1 |
_aWashington, D.C.: _c2003 |
| 264 | 4 | _c©2003 | |
| 300 |
_a124 paginas : _bilustraciones ; _c26 cm. |
||
| 336 |
_2rdacontent _atexto _btxt |
||
| 337 |
_2rdamedia _asin mediación _bn |
||
| 338 |
_2rdacarrier _avolumen _bnc |
||
| 505 | 2 | _aComo comenzar: punto de partida -- Como llevar a cabo el taller: alginas consideraciones claves -- Como asegurar la transferencia de habilidades: sugerencias de posibles técnicas -- Instrumentos para la capacitación. | |
| 942 |
_2ddc _cBK _n0 |
||
| 999 |
_c16807 _d16807 |
||